00590nam a2200193Ia 4500008004100000020001300041082001600054100002400070245002400094250000800118260003700126300003000163500001900193600001500212650001500227942000700242952013200249999001500381240925s9999 xx 000 0 und d a71159649 a658.152 BLA aBlank ,Leland P.E. 0aEngineering Economy a4th aSingapore:bMc Graw Hillc,1998. axxiii,611p.bNAfOriginal aIncludes Index aManagement aManagement cBK 001040708MANaUITUbUITUd2003-02-05eKhaliq book Binderg599.60l0o658.152 BLApQ5049r2024-09-25 07:13:43w2024-09-25yBK c7548d7548